|
|
|
|
| LEADER |
00000cam a2200000 a 4500 |
| 001 |
vtls001150016 |
| 003 |
SK-MaSNL |
| 005 |
20260425224459.0 |
| 008 |
240226s1990 xr o frp 000 0 eng |
| 015 |
|
|
|a SNBA1990
|
| 020 |
|
|
|a 8090011659
|q (brožované)
|z 8090011616
|
| 035 |
|
|
|a SNK000092878
|
| 035 |
|
|
|a 9B193CB6-295F-429D-9327-0AF2D117426C
|
| 035 |
|
|
|a urn:nbn:sk:snk-am00ig8d
|
| 040 |
|
|
|a SNK
|b slo
|c SNK
|e AACR2
|
| 041 |
0 |
|
|a eng
|
| 044 |
|
|
|a xr
|c CZ
|
| 072 |
|
7 |
|a 811.111
|x Angličtina
|2 konspekt
|
| 072 |
|
7 |
|a 37.016
|x Učebné osnovy. Vyučovacie predmety. Učebnice
|2 konspekt
|
| 080 |
|
|
|a 811.111
|2 2011
|
| 080 |
|
|
|a 811.111(73)
|2 2011
|
| 080 |
|
|
|a 81'24
|2 2011
|
| 080 |
|
|
|a (075.2)
|2 2011
|
| 080 |
|
|
|a (075.3)
|2 2011
|
| 100 |
1 |
|
|a Cornelius, Edwin T.,
|d 1924-
|4 aut
|9 370810
|
| 245 |
1 |
0 |
|a American english I.
|n Book 2.
|p Tasks 25-48
|c [Edwin T. Cornelius, Jr.]
|
| 246 |
3 |
0 |
|a Tasks 25-48
|
| 260 |
|
|
|a Praha
|b Úlehla
|c 1990
|
| 300 |
|
|
|a x, 166 strán
|b fotografie, ilustrácie
|c 21 cm
|
| 366 |
|
|
|e 150000 výtl.
|
| 500 |
|
|
|a Na rube titulného listu uvedené pravdepodobne chybné ISBN 80-900116-1-6
|
| 650 |
0 |
7 |
|a americká angličtina
|2 SNKPH
|9 1259
|
| 650 |
0 |
7 |
|a angličtina
|2 SNKPH
|9 1260
|
| 650 |
0 |
7 |
|a konverzácia
|2 SNKPH
|9 49849
|
| 655 |
|
7 |
|a učebnice základných škôl
|2 SNKPH
|9 70187
|
| 655 |
|
7 |
|a učebnice stredných škôl
|2 SNKPH
|9 69323
|
| 852 |
|
|
|a Slovenská národná knižnica
|
| 919 |
|
|
|a 80-900116-5-9
|
| 919 |
|
|
|a 80-900116-1-6
|
| 954 |
|
|
|a odborná, vedecká literatúra cudzojazyčná (svetová)
|2 lita
|
| 958 |
|
|
|a OND
|
| 999 |
|
|
|c 614913
|d 616843
|
| 952 |
|
|
|t P60, <04>, [BOOK], {604}
|a SNK
|b SNK
|y VYP
|7 0
|p 17A0215587
|o snkSC 78960/1/2 D1
|0 0
|1 0
|4 0
|d 1999-10-25
|l 0
|r 2005-01-01 00:00:00
|w 2026-02-23
|
| 952 |
|
|
|a SNK
|b SNK
|y PREZ
|7 0
|p 17A0966896
|o snkSC 78960/1/2
|i snkKIP 1569/91
|0 0
|1 0
|4 0
|d 2012-08-09
|f 1
|l 0
|r 2026-02-23 16:35:34
|w 2026-02-23
|